№ 12; Национальные стандарты

Λεπτομέρειες βιβλιογραφικής εγγραφής
Parent link:Национальные стандарты: Информационный указатель/ Федеральное агентство по техническому регулированию и метрологии. № 12.— , 2004-
Γλώσσα:Ρωσικά
Έκδοση: 2008
Μορφή: Βιβλίο
KOHA link:https://koha.lib.tpu.ru/cgi-bin/koha/opac-detail.pl?biblionumber=408305

MARC

LEADER 00000nam2a2200000 4500
001 408305
005 20250219110555.0
035 |a (RuTPU)RU\TPU\prd\61779 
090 |a 408305 
100 |a 20090129a19409999k y0rusy50 ca 
101 0 |a rus 
102 |a RU 
200 0 |a № 12 
210 |d 2008 
461 1 |0 (RuTPU)RU\TPU\prd\23792  |t Национальные стандарты  |o Информационный указатель  |f Федеральное агентство по техническому регулированию и метрологии  |v № 12  |d 2004- 
801 0 |a RU  |b 63413507  |c 20010227  |g PSBO 
801 1 |a RU  |b 63413507  |c 20090129  |g PSBO 
801 2 |a RU  |b 63413507  |c 20191122  |g RCR 
942 |c CR